LEADER 02179oas 22008053 450 001 9910303545903321 005 20250614213021.0 011 $a2576-6295 035 $a(DE-599)ZDB2929363-7 035 $a(OCoLC)1006507128 035 $a(CONSER) 2018200020 035 $a(CKB)3860000000068388 035 $a(EXLCZ)993860000000068388 100 $a20171017b19371938 uy a 101 0 $aeng 135 $aurbn||||||||| 181 $ctxt$2rdacontent 182 $cc$2rdamedia 183 $acr$2rdacarrier 200 00$aBulletin of the American Institute for Iranian Art and Archaeology 210 1$a[New York] :$cAmerican Institute for Iranian Art and Archaeology,$d[1937-1938] 215 $a1 online resource (1 volume) $cillustrations 311 08$a2573-6167 606 $aArt, Iranian$vPeriodicals 606 $aArt iranien$vPe?riodiques 606 $aAntiquities$2fast$3(OCoLC)fst00810745 606 $aArt, Iranian$2fast$3(OCoLC)fst00816406 606 $aKunst$2gnd 606 $aArchäologie$2gnd 607 $aIran$xAntiquities$vPeriodicals 607 $aIran$xAntiquite?s$vPe?riodiques 607 $aIran$2fast 607 $aIran$2gnd 608 $aperiodicals.$2aat 608 $aPeriodicals.$2fast 608 $aPeriodicals.$2lcgft 608 $aPe?riodiques.$2rvmgf 615 0$aArt, Iranian 615 6$aArt iranien 615 7$aAntiquities. 615 7$aArt, Iranian. 615 7$aKunst. 615 7$aArchäologie. 676 $a709.56 676 $a709.56 712 02$aAmerican Institute for Iranian Art and Archaeology. 801 0$bJSTOR 801 1$bJSTOR 801 2$bJSTOR 801 2$bOCLCF 801 2$bCOO 801 2$bOCLCO 801 2$bAUD 801 2$bDLC 801 2$bOCLCA 801 2$bOCLCQ 801 2$bVT2 801 2$bUAB 801 2$bAU@ 801 2$bOCLCA 801 2$bBWN 801 2$bOCLCQ 801 2$bU3W 801 2$bOCLCQ 801 2$bOCLCE 801 2$bOCLCL 906 $aJOURNAL 912 $a9910303545903321 996 $aBulletin of the American Institute for Iranian Art and Archaeology$91973323 997 $aUNINA